000 00243nam a22000857a 4500
008 160831b xxu||||| |||| 00| 0 eng d
100 _9265
_a Siromani, A., et al
245 _aScience Ahead - 7
260 _aNew Delhi
_bOrient Longman publication
_c2007
999 _c2923
_d2923